000
00315nam a22001337a 4500
003
SGT
082
_a
070
_b
M08J
100
_a
JOSHI, RAAMSHARAN
245
_a
MEDIA: KENDRIYA HINDI SANSTHAN KI TREMASIK PATRIKA
260
_b
KENDRIYA HINDI SANSTHAN
_c
2008
300
_a
216
650
_a
JOURNALISM
942
_2
ddc
_c
BK
999
_c
28399
_d
28399